Political institutions of West Africa / (Record no. 35941)
[ view plain ]
| 000 -LEADER | |
|---|---|
| fixed length control field | 00747nam a22002412 4500 |
| 001 - CONTROL NUMBER | |
| control field | 35941 |
| 003 - CONTROL NUMBER IDENTIFIER | |
| rucl marc code | BD-RjUL |
| 005 - DATE AND TIME OF LATEST TRANSACTION | |
| control field | 20211209052415.0 |
| 008 - FIXED-LENGTH DATA ELEMENTS--GENERAL INFORMATION | |
| fixed length control field | 140612r19681967enkabf b 000 0 eng |
| 035 ## - SYSTEM CONTROL NUMBER | |
| System control number | (BD-RjUL)36038 |
| -- | OCLC ocm00309759 from D970612M |
| 040 ## - CATALOGING SOURCE | |
| Original cataloging agency | DLC |
| Transcribing agency | DLC |
| Modifying agency | BD-RjUL |
| Language of cataloging | eng |
| 041 ## - LANGUAGE CODE | |
| Language code of text/sound track or separate title | eng |
| 082 ## - DEWEY DECIMAL CLASSIFICATION NUMBER | |
| Classification number | 320.966 |
| Author mark and year | PRP 1968 |
| 100 1# - MAIN ENTRY--PERSONAL NAME | |
| Personal name | Price, Joseph Henry. |
| 9 (RLIN) | 109408 |
| 245 10 - TITLE STATEMENT | |
| Title | Political institutions of West Africa / |
| Statement of responsibility, etc. | [by] J. H. Price. |
| 260 ## - PUBLICATION, DISTRIBUTION, ETC. (IMPRINT) | |
| Place of publication, distribution, etc. | London : |
| Name of publisher, distributor, etc. | Hutchinson, |
| Date of publication, distribution, etc. | c1967 [Impression 1968]. |
| 300 ## - PHYSICAL DESCRIPTION | |
| Pagination | xii, 266 p. : |
| Illustrations | ill. ; |
| Size | 22 cm. |
| 504 ## - BIBLIOGRAPHY, ETC. NOTE | |
| Bibliography, etc | Bibliography: p. [258]-260. |
| 651 #0 - SUBJECT ADDED ENTRY--GEOGRAPHIC NAME | |
| Geographic name | Africa, West |
| General subdivision | Politics and government. |
| 9 (RLIN) | 109409 |
| 942 ## - ADDED ENTRY ELEMENTS (KOHA) | |
| Source of classification or shelving scheme | Dewey Decimal Classification |
| Koha item type | Books |
| Lost status | Source of classification or shelving scheme | Damaged status | Not for loan | Collection code | Permanent Location | Current Location | Shelving location | Date acquired | Source of acquisition | Total Checkouts | Full call number | Date last seen | Copy number | Koha item type |
|---|---|---|---|---|---|---|---|---|---|---|---|---|---|---|
| Dewey Decimal Classification | Not For Loan | Non-fiction | Central Library, University of Rajshahi | Central Library, University of Rajshahi | Reading Room | 16/01/1975 | M. Obidul Huq | 320.966 PRP 1968 | 12/06/2014 | C-1 | Books |